000 00582nam a2200181Ia 4500
008 090124s9999 xx 000 0 und d
082 _b132871
100 _aभट म. दा. (महादेव दामोदर)
245 _a सो%हं साधना
250 _a1
260 _c1970
300 _a204
600 _aभट म. दा. (महादेव दामोदर)
630 _a सो%हं साधना
700 _aभट म. दा. (महादेव दामोदर)
730 _a सो%हं साधना
942 _cBOOK
999 _c179018
_d179018